<?xml version="1.0" encoding="UTF-8"?>
<record
    xmlns:xsi="http://www.w3.org/2001/XMLSchema-instance"
    xsi:schemaLocation="http://www.loc.gov/MARC21/slim http://www.loc.gov/standards/marcxml/schema/MARC21slim.xsd"
    xmlns="http://www.loc.gov/MARC21/slim">

  <leader>01485    a2200229   4500</leader>
  <controlfield tag="005">20080911142643.0</controlfield>
  <controlfield tag="008">080911t        xxu||||| |||| 00| 0 hin d</controlfield>
  <datafield tag="010" ind1=" " ind2=" ">
    <subfield code="a">HIN-79675</subfield>
  </datafield>
  <datafield tag="020" ind1=" " ind2=" ">
    <subfield code="a">8189462342</subfield>
    <subfield code="c">600.00</subfield>
  </datafield>
  <datafield tag="035" ind1=" " ind2=" ">
    <subfield code="a">HN-52021</subfield>
  </datafield>
  <datafield tag="037" ind1=" " ind2=" ">
    <subfield code="b">D. B. Act. / ven</subfield>
  </datafield>
  <datafield tag="082" ind1=" " ind2=" ">
    <subfield code="a">370.1523</subfield>
  </datafield>
  <datafield tag="100" ind1=" " ind2=" ">
    <subfield code="a">&#x930;&#x93E;&#x91C;&#x94B;&#x930;&#x93F;&#x92F;&#x93E;, &#x905;&#x930;&#x942;&#x923; &#x915;&#x941;&#x92E;&#x93E;&#x930;</subfield>
  </datafield>
  <datafield tag="245" ind1=" " ind2=" ">
    <subfield code="a">&#x905;&#x927;&#x93F;&#x917;&#x92E;&#x915;&#x930;&#x94D;&#x924;&#x94D;&#x924;&#x93E; &#x915;&#x93E; &#x935;&#x93F;&#x915;&#x93E;&#x938; &#x90F;&#x902;&#x935; &#x936;&#x93F;&#x915;&#x94D;&#x937;&#x923; &#x905;&#x927;&#x93F;&#x917;&#x92E; &#x92A;&#x94D;&#x930;&#x915;&#x94D;&#x930;&#x93F;&#x92F;&#x93E;</subfield>
    <subfield code="b">&#x935;&#x93F;&#x936;&#x94D;&#x935;&#x935;&#x93F;&#x926;&#x94D;&#x92F;&#x93E;&#x932;&#x92F; &#x905;&#x928;&#x941;&#x926;&#x93E;&#x928;(U.G.C. ) &#x906;&#x92F;&#x94B;&#x917; &#x926;&#x94D;&#x935;&#x93E;&#x930;&#x93E; &#x905;&#x928;&#x941;&#x92E;&#x94B;&#x926;&#x93F;&#x924; &#x92C;&#x940;.&#x90F;&#x921;. &#x92A;&#x93E;&#x920;&#x94D;&#x92F;&#x915;&#x94D;&#x930;&#x92E; &#x915;&#x947; &#x905;&#x928;&#x941;&#x938;&#x93E;&#x930;</subfield>
    <subfield code="c">&#x905;&#x930;&#x942;&#x923; &#x915;&#x941;&#x92E;&#x93E;&#x930; &#x930;&#x93E;&#x91C;&#x94B;&#x930;&#x93F;&#x92F;&#x93E;</subfield>
  </datafield>
  <datafield tag="246" ind1=" " ind2=" ">
    <subfield code="a">Adhigamkarta ka vikas avam shikshan adhigam prakriya</subfield>
    <subfield code="b">by Arun Kumar Rajoriya</subfield>
  </datafield>
  <datafield tag="260" ind1=" " ind2=" ">
    <subfield code="a">&#x91C;&#x92F;&#x92A;&#x941;&#x930;</subfield>
    <subfield code="b">(&#x935;&#x93F;&#x924;&#x930;&#x915;)&#x905;&#x92A;&#x94B;&#x932;&#x94B; &#x92A;&#x94D;&#x930;&#x915;&#x93E;&#x936;&#x928;</subfield>
    <subfield code="c">2007</subfield>
  </datafield>
  <datafield tag="270" ind1=" " ind2=" ">
    <subfield code="a">25,&#x92A;&#x93F;&#x902;&#x915;&#x938;&#x93F;&#x91F;&#x940; &#x92E;&#x93E;&#x930;&#x94D;&#x915;&#x947;&#x91F;, &#x92A;&#x902;&#x91A;&#x935;&#x91F;&#x940;,&#x930;&#x93E;&#x91C;&#x93E;&#x92A;&#x93E;&#x930;&#x94D;&#x915;</subfield>
    <subfield code="b">&#x91C;&#x92F;&#x92A;&#x941;&#x930;</subfield>
  </datafield>
  <datafield tag="300" ind1=" " ind2=" ">
    <subfield code="a">432&#x92A;&#x943;</subfield>
    <subfield code="c">22 &#x938;&#x947;&#x92E;&#x940; (&#x938;&#x91C;&#x93F;&#x932;&#x94D;&#x926;</subfield>
  </datafield>
  <datafield tag="700" ind1=" " ind2=" ">
    <subfield code="a">&#x905;&#x930;&#x94B;&#x921;&#x93C;&#x93E;, &#x92A;&#x94D;&#x930;&#x940;&#x924;&#x93F;</subfield>
  </datafield>
  <datafield tag="942" ind1=" " ind2=" ">
    <subfield code="a">dpl</subfield>
    <subfield code="c">HN</subfield>
    <subfield code="k">370.1523 / &#x930;&#x93E;&#x91C;&#x94B;&#x930;&#x93F;</subfield>
    <subfield code="2">ddc</subfield>
    <subfield code="h">370.1523</subfield>
    <subfield code="m">&#x930;&#x93E;&#x91C;&#x94B;&#x930;&#x93F;</subfield>
  </datafield>
  <datafield tag="999" ind1=" " ind2=" ">
    <subfield code="c">3422</subfield>
    <subfield code="d">3422</subfield>
  </datafield>
  <datafield tag="952" ind1=" " ind2=" ">
    <subfield code="0">0</subfield>
    <subfield code="1">0</subfield>
    <subfield code="4">0</subfield>
    <subfield code="7">0</subfield>
    <subfield code="a">DBAD</subfield>
    <subfield code="b">DBAD</subfield>
    <subfield code="d">2008-09-11</subfield>
    <subfield code="g">600.00</subfield>
    <subfield code="l">0</subfield>
    <subfield code="o">370.1523 &#x930;&#x93E;&#x91C;&#x94B;&#x930;&#x93F;</subfield>
    <subfield code="p">HN-52021</subfield>
    <subfield code="r">2008-09-15 00:00:00</subfield>
    <subfield code="t">1</subfield>
    <subfield code="u">3645</subfield>
    <subfield code="v">600.00</subfield>
    <subfield code="w">2008-09-15</subfield>
    <subfield code="y">HN</subfield>
  </datafield>
</record>
